[Event "Interclubs Adultes"]
[Site "NIORT"]
[Date "15.12.07"]
[Round "4.1"]
[White "Murey, Jacob"]
[Black "Petkov, Vladimir"]
[Result "1-0"]
[WhiteElo "2417"]
[BlackElo "2508"]
[PlyCount "55"]
[EventDate "15.12.07"]
[WhiteTeam "Chess XV"]
[BlackTeam "C.E. Nantes"]

1. d4 Nf6 2. c4 e6 3. Nc3 Bb4 4. e3 c5 5. Nge2 cxd4 6. exd4 d5 7. a3 Be7 8.
cxd5 exd5 9. g3 O-O 10. Bg2 Nc6 11. O-O Bg4 12. Qd3 Qb6 13. Be3 Rfd8 14. Nf4
Be6 15. b4 a6 16. Nxe6 fxe6 17. Bf3 Kf7 18. Rfe1 Re8 19. Rad1 Nd8 20. Bf4 Rc8
21. Be5 Qc6 22. Rc1 Kg8 23. Qd2 Nf7 24. Bxf6 Bxf6 25. Ne4 Qd7 26. Nc5 Ng5 27.
Nxd7 Nxf3+ 28. Kg2 1-0

[Event "Interclubs Adultes"]
[Site "NIORT"]
[Date "15.12.07"]
[Round "4.2"]
[White "Grigorov, Grigor"]
[Black "Glicenstein, Asher"]
[Result "1-0"]
[WhiteElo "2452"]
[BlackElo "2250"]
[PlyCount "91"]
[EventDate "15.12.07"]
[WhiteTeam "C.E. Nantes"]
[BlackTeam "Chess XV"]

1. d4 Nf6 2. c4 c5 3. d5 e6 4. Nc3 exd5 5. cxd5 d6 6. Nf3 g6 7. Bf4 a6 8. a4
Bg7 9. e4 O-O 10. Be2 Nh5 11. Bg5 f6 12. Be3 f5 13. exf5 Bxf5 14. O-O Qb6 15.
Qd2 Qb4 16. Ng5 Be5 17. f4 Bd4 18. g4 Re8 19. Bxd4 Qxd4+ 20. Qxd4 cxd4 21. gxf5
dxc3 22. Bxh5 cxb2 23. Rae1 Rxe1 24. Rxe1 gxh5 25. Re8+ Kg7 26. Re7+ Kg8 27.
Rxb7 Nd7 28. Rxb2 Rf8 29. Ne6 Rxf5 30. Rg2+ Kh8 31. Rg7 Nf6 32. Ra7 h6 33. Rxa6
Rxd5 34. a5 Kg8 35. Ra7 Rd1+ 36. Kg2 Nd5 37. a6 Ra1 38. Kf3 Nb4 39. Nc7 Ra4 40.
f5 Ra5 41. Kf4 Ra2 42. Kg3 h4+ 43. Kh3 Nd3 44. Ne6 Nf2+ 45. Kg2 Ne4+ 46. Kg1
1-0

[Event "Interclubs Adultes"]
[Site "NIORT"]
[Date "15.12.07"]
[Round "4.3"]
[White "Mayaud, Raphael"]
[Black "Marholev, Dimitar"]
[Result "1/2-1/2"]
[WhiteElo "2205"]
[BlackElo "2398"]
[PlyCount "25"]
[EventDate "15.12.07"]
[WhiteTeam "Chess XV"]
[BlackTeam "C.E. Nantes"]

1. d4 Nf6 2. Bg5 d5 3. Bxf6 exf6 4. g3 c6 5. Bg2 f5 6. e3 Nd7 7. Nd2 Nf6 8. Ne2
h5 9. c4 dxc4 10. Nxc4 Be6 11. Qc2 Bb4+ 12. Kf1 Ne4 13. a3 1/2-1/2

[Event "Interclubs Adultes"]
[Site "NIORT"]
[Date "15.12.07"]
[Round "4.4"]
[White "Delaunay, Sebastien"]
[Black "Steimer, Michel"]
[Result "1-0"]
[WhiteElo "2353"]
[BlackElo "2163"]
[PlyCount "51"]
[EventDate "15.12.07"]
[WhiteTeam "C.E. Nantes"]
[BlackTeam "Chess XV"]

1. Nf3 d5 2. c4 c6 3. d4 Nf6 4. e3 a6 5. Be2 b5 6. b3 e6 7. O-O Bd6 8. Nbd2 O-O
9. Qc2 Bb7 10. e4 dxe4 11. Nxe4 Be7 12. Rd1 Nbd7 13. Be3 Qb8 14. Nxf6+ Nxf6 15.
c5 a5 16. Ne5 Rd8 17. Bd3 h6 18. Qe2 Rd5 19. Bf4 Qd8 20. Nf3 Qf8 21. Rac1 Rdd8
22. Bc7 Rd7 23. Bg3 Rad8 24. Bb1 Bxc5 25. dxc5 Rxd1+ 26. Rxd1 1-0

[Event "Interclubs Adultes"]
[Site "NIORT"]
[Date "15.12.07"]
[Round "4.5"]
[White "Martenet, Jean-Baptiste"]
[Black "Rihouay, Clement"]
[Result "0-1"]
[WhiteElo "2053"]
[BlackElo "2185"]
[PlyCount "142"]
[EventDate "15.12.07"]
[WhiteTeam "Chess XV"]
[BlackTeam "C.E. Nantes"]

1. e4 c5 2. Nf3 d6 3. d4 cxd4 4. Nxd4 Nf6 5. Nc3 Nc6 6. Bc4 Bd7 7. O-O g6 8.
Kh1 Bg7 9. Nde2 O-O 10. f3 Rc8 11. Nf4 Ne5 12. Bb3 b5 13. Nfd5 Nxd5 14. Nxd5 e6
15. Nf4 a5 16. a3 Qc7 17. Rf2 Rfd8 18. Be3 Nc4 19. Bxc4 bxc4 20. Rb1 Ba4 21. b3
Be8 22. Qe1 Rb8 23. Bd2 Ra8 24. bxc4 Rdc8 25. Nd3 Bd4 26. Re2 Ba4 27. c3 Bg7
28. Nb2 Bc2 29. Rc1 Bb3 30. Bf4 Ra6 31. e5 dxe5 32. Bxe5 Bxe5 33. Rxe5 Qd6 34.
c5 Rxc5 35. Rxc5 Qxc5 36. Nd3 Qxa3 37. Ne5 Qe7 38. c4 f6 39. Qc3 Qb4 40. Qxb4
axb4 41. Nd3 Rd6 42. Nxb4 Bxc4 43. h3 Bb5 44. Kh2 g5 45. Nc2 Kf7 46. Ne3 h5 47.
Rc5 Bd3 48. h4 Kg6 49. hxg5 fxg5 50. Nc4 Rd8 51. Ne5+ Kf6 52. Nxd3 Rxd3 53. Kg3
Rd1 54. Rc8 Rh1 55. Rf8+ Kg7 56. Ra8 h4+ 57. Kg4 h3 58. gxh3 Rg1+ 59. Kh5 Rg3
60. Ra3 Kf6 61. Rb3 Kf5 62. Kh6 Rxh3+ 63. Kg7 e5 64. Re3 Kf4 65. Re4+ Kxf3 66.
Rxe5 g4 67. Rf5+ Kg2 68. Kg6 g3 69. Kg5 Kh2 70. Kg4 g2 71. Rf2 Rh8 0-1

[Event "Interclubs Adultes"]
[Site "NIORT"]
[Date "15.12.07"]
[Round "4.6"]
[White "Crouan, Stephane"]
[Black "Roman, Dimitri"]
[Result "1-0"]
[WhiteElo "2207"]
[BlackElo "2083"]
[PlyCount "105"]
[EventDate "15.12.07"]
[WhiteTeam "C.E. Nantes"]
[BlackTeam "Chess XV"]

1. e4 e5 2. Nf3 Nc6 3. d4 exd4 4. Nxd4 Nf6 5. Nxc6 bxc6 6. e5 Qe7 7. Qe2 Nd5 8.
c4 Ba6 9. b3 Qh4 10. a3 Bc5 11. g3 Bxf2+ 12. Qxf2 Qe4+ 13. Kd1 Qxh1 14. Nd2
Nc3+ 15. Kc2 Ne4 16. Nxe4 Qxe4+ 17. Bd3 Qg4 18. Bf5 Qh5 19. h4 f6 20. exf6 O-O
21. g4 Qe8 22. fxg7 Qe4+ 23. Kd2 Rxf5 24. gxf5 d5 25. f6 Kf7 26. Qe3 Qg2+ 27.
Qe2 Qxe2+ 28. Kxe2 dxc4 29. bxc4 Bxc4+ 30. Ke3 Kxf6 31. Bb2+ Kf7 32. Kd4 Rb8
33. Bc3 Bd5 34. Rg1 Kg8 35. h5 Re8 36. Kd3 Bf7 37. h6 Re6 38. Bd2 Bg6+ 39. Kc3
Rd6 40. Rf1 Rd3+ 41. Kc4 Rd8 42. Rf2 Bd3+ 43. Kc5 Be4 44. Be3 Rd5+ 45. Kc4 Rd8
46. Bxa7 Bd5+ 47. Kc3 Bf7 48. Rb2 Bd5 49. Rb8 Rxb8 50. Bxb8 Kf7 51. Bxc7 Ke8
52. Kd4 Kd7 53. Bf4 1-0

[Event "Interclubs Adultes"]
[Site "NIORT"]
[Date "15.12.07"]
[Round "4.7"]
[White "Karila, Marc"]
[Black "Grill, Marc"]
[Result "0-1"]
[WhiteElo "2050"]
[BlackElo "2151"]
[PlyCount "36"]
[EventDate "15.12.07"]
[WhiteTeam "Chess XV"]
[BlackTeam "C.E. Nantes"]

1. c4 e5 2. Nc3 Nf6 3. Nf3 Nc6 4. d4 exd4 5. Nxd4 Bb4 6. Bg5 Bxc3+ 7. bxc3 O-O
8. e4 Re8 9. Qc2 h6 10. Bxf6 Qxf6 11. O-O-O d6 12. f3 Be6 13. Nxc6 bxc6 14. Be2
Rab8 15. Qd2 Qe5 16. Qd4 Qa5 17. Rd2 Qa3+ 18. Kc2 c5 0-1

[Event "Interclubs Adultes"]
[Site "NIORT"]
[Date "15.12.07"]
[Round "4.8"]
[White "Marchadour, Claire"]
[Black "Allaf, Alice"]
[Result "1-0"]
[WhiteElo "2064"]
[BlackElo "1499"]
[PlyCount "57"]
[EventDate "15.12.07"]
[WhiteTeam "C.E. Nantes"]
[BlackTeam "Chess XV"]

1. e4 e5 2. Nf3 d6 3. d4 exd4 4. Nxd4 Nf6 5. Bd3 g6 6. c4 Bg7 7. O-O O-O 8. Nc3
Be6 9. Nxe6 fxe6 10. f4 Nc6 11. Be3 Ne7 12. g4 c6 13. g5 Nd7 14. Qg4 Nc5 15.
Bxc5 dxc5 16. Qxe6+ Rf7 17. Rf3 Qf8 18. Raf1 Kh8 19. Kh1 h6 20. gxh6 Bxh6 21.
Qe5+ Qg7 22. Qxc5 Raf8 23. f5 b6 24. Qg1 Qe5 25. Qg4 Qd6 26. Qg3 Rf6 27. e5 Qc5
28. exf6 Rxf6 29. Ne4 1-0

[Event "Interclubs Adultes"]
[Site "NIORT"]
[Date "15.12.07"]
[Round "4.1"]
[White "David, Vincent"]
[Black "Wenzel, Johannes"]
[Result "1-0"]
[WhiteElo "2396"]
[BlackElo "2126"]
[PlyCount "63"]
[EventDate "15.12.07"]
[WhiteTeam "Niort"]
[BlackTeam "Tours"]

1. d4 Nf6 2. c4 e6 3. Nf3 Bb4+ 4. Bd2 c5 5. Bxb4 cxb4 6. g3 O-O 7. Bg2 d6 8.
O-O a5 9. Nbd2 Qc7 10. e4 e5 11. h3 b6 12. Re1 Nc6 13. Nf1 Ba6 14. Ne3 g6 15.
Rc1 Rac8 16. Nd5 Qd8 17. Qd2 Kg7 18. b3 Re8 19. h4 Rb8 20. Re3 Nxd5 21. cxd5
Na7 22. dxe5 dxe5 23. Ree1 h6 24. h5 Qd6 25. Rc2 Bc8 26. Rec1 Bd7 27. hxg6 fxg6
28. Rc7 Nb5 29. R1c6 Qe7 30. Re6 Nxc7 31. Nxe5 Bb5 32. Ng4 1-0

[Event "Interclubs Adultes"]
[Site "NIORT"]
[Date "15.12.07"]
[Round "4.2"]
[White "Carvallo, Henri"]
[Black "Stets, Dmitry"]
[Result "1-0"]
[WhiteElo "2156"]
[BlackElo "2426"]
[PlyCount "93"]
[EventDate "15.12.07"]
[WhiteTeam "Tours"]
[BlackTeam "Niort"]

1. d4 Nf6 2. Nf3 g6 3. Bf4 Bg7 4. e3 O-O 5. h3 d6 6. Be2 Nbd7 7. O-O Qe8 8. Bh2
e5 9. c4 Qe7 10. Nc3 c6 11. Rc1 Ne8 12. b4 f5 13. c5 dxc5 14. bxc5 e4 15. Nd2
Ndf6 16. Nc4 Be6 17. Qa4 a6 18. Rb1 Rd8 19. Na5 Bc8 20. Qb3+ Be6 21. Qxb7 Qxb7
22. Rxb7 Nd5 23. Nxd5 Bxd5 24. Bc4 Bxc4 25. Nxc4 f4 26. Bxf4 Bxd4 27. Bh6 Bg7
28. Bxg7 Nxg7 29. Nd6 Nf5 30. Nxe4 Rd5 31. Rc7 Re5 32. f3 Nxe3 33. Re1 Nd5 34.
Nf6+ Nxf6 35. Rxe5 Rf7 36. Rxf7 Kxf7 37. Re3 Nd5 38. Ra3 Nc7 39. Rd3 Nd5 40.
Rxd5 cxd5 41. Kf2 d4 42. Ke2 Ke6 43. Kd3 Kd5 44. c6 Kxc6 45. Kxd4 Kd6 46. f4 h5
47. g4 1-0

[Event "Interclubs Adultes"]
[Site "NIORT"]
[Date "15.12.07"]
[Round "4.3"]
[White "Tranchant, Sebastien"]
[Black "Maleki, Manuel"]
[Result "1-0"]
[WhiteElo "2247"]
[BlackElo "2189"]
[PlyCount "69"]
[EventDate "15.12.07"]
[WhiteTeam "Niort"]
[BlackTeam "Tours"]

1. e4 c5 2. Nf3 e6 3. d4 cxd4 4. Nxd4 Nc6 5. Nc3 d6 6. Be3 Nf6 7. f3 a6 8. g4
Nxd4 9. Qxd4 Qc7 10. O-O-O b5 11. Kb1 Bb7 12. g5 Nd7 13. a3 Rc8 14. f4 Nc5 15.
Bg2 Na4 16. Nxa4 Qxc2+ 17. Ka1 Qxg2 18. Nc3 Rxc3 19. Qxc3 Qxe4 20. Rc1 f6 21.
Rhe1 Kf7 22. Bd4 Qf3 23. gxf6 gxf6 24. Qa5 Be7 25. Rc7 Re8 26. Bc3 Bd5 27. Qb6
Qxf4 28. Qxa6 Qxh2 29. Qxb5 Qh4 30. Rf1 f5 31. Rg1 Qh2 32. Qb6 h5 33. Qd4 Qe5
34. Qh4 Kf8 35. Qxh5 1-0

[Event "Interclubs Adultes"]
[Site "NIORT"]
[Date "15.12.07"]
[Round "4.4"]
[White "Menager, Erwan"]
[Black "Demuth, Adrien"]
[Result "1/2-1/2"]
[WhiteElo "2144"]
[BlackElo "2256"]
[PlyCount "39"]
[EventDate "15.12.07"]
[WhiteTeam "Tours"]
[BlackTeam "Niort"]

1. e4 c5 2. Nf3 Nc6 3. d4 cxd4 4. Nxd4 d6 5. Nc3 Nf6 6. Bg5 e6 7. Qd2 a6 8.
O-O-O h6 9. Bxf6 Qxf6 10. Nb3 b5 11. f4 Ra7 12. Bd3 Rc7 13. g4 Nb4 14. Kb1 Nxd3
15. cxd3 d5 16. exd5 Bb4 17. Ne4 Qe7 18. Qf2 exd5 19. Ng3 O-O 20. f5 1/2-1/2

[Event "Interclubs Adultes"]
[Site "NIORT"]
[Date "15.12.07"]
[Round "4.5"]
[White "Alet, Jean-Pierre"]
[Black "Dube, Dimitri"]
[Result "0-1"]
[WhiteElo "2192"]
[BlackElo "2083"]
[PlyCount "68"]
[EventDate "15.12.07"]
[WhiteTeam "Niort"]
[BlackTeam "Tours"]

1. d4 Nf6 2. c4 c5 3. d5 b5 4. cxb5 a6 5. b6 d6 6. Nc3 g6 7. Nf3 Bg7 8. Nd2
Nbd7 9. a4 Nxb6 10. e4 Rb8 11. Bd3 O-O 12. Qe2 a5 13. Nc4 Ba6 14. Na3 Bb7 15.
O-O e6 16. dxe6 fxe6 17. Nab5 Kh8 18. Bg5 Qd7 19. Rad1 Nh5 20. Qd2 Rbe8 21.
Rfe1 Be5 22. g3 d5 23. f4 Bb8 24. e5 Qg7 25. g4 h6 26. gxh5 hxg5 27. Qg2 gxh5
28. fxg5 Bxe5 29. h4 Rf4 30. Be2 Rxh4 31. Bf3 Rh2 32. Qxh2 Bxh2+ 33. Kxh2 Qxg5
34. Ne2 Rg8 0-1

[Event "Interclubs Adultes"]
[Site "NIORT"]
[Date "15.12.07"]
[Round "4.6"]
[White "Varlet, Nicolas"]
[Black "Do, Huu-Thi"]
[Result "0-1"]
[WhiteElo "2144"]
[BlackElo "2162"]
[PlyCount "66"]
[EventDate "15.12.07"]
[WhiteTeam "Tours"]
[BlackTeam "Niort"]

1. d4 f5 2. c4 Nf6 3. Nf3 c6 4. g3 e6 5. Bg2 d5 6. O-O Bd6 7. c5 Bc7 8. Bf4
Bxf4 9. gxf4 Ne4 10. Ne5 Qh4 11. e3 Nd7 12. Nxd7 Bxd7 13. f3 Nf6 14. Nc3 g5 15.
fxg5 Qxg5 16. Qe2 Rg8 17. Kh1 Qh6 18. f4 Nh5 19. Kg1 Ke7 20. Rf3 Rg4 21. Kf2
Rag8 22. Rg1 Nf6 23. Kf1 Qxh2 24. Rh3 Rxg2 25. Rxh2 Rxg1+ 26. Kf2 R8g3 27.
Rxh7+ Nxh7 28. Qh5 Nf6 29. Qh8 R3g2+ 30. Kf3 Ng4 31. Qg7+ Kd8 32. Qf8+ Be8 33.
Qd6+ Kc8 0-1

[Event "Interclubs Adultes"]
[Site "NIORT"]
[Date "15.12.07"]
[Round "4.8"]
[White "Chevalier, Nathalie"]
[Black "Fontanillas, Charlotte"]
[Result "0-1"]
[WhiteElo "1499"]
[BlackElo "1480"]
[PlyCount "66"]
[EventDate "15.12.07"]
[WhiteTeam "Tours"]
[BlackTeam "Niort"]

1. d4 d5 2. Nf3 e6 3. Nc3 Bd6 4. Bg5 f6 5. Bh4 Ne7 6. e4 O-O 7. Bd3 c6 8. O-O
Ng6 9. g3 b6 10. Re1 Qc7 11. exd5 exd5 12. Re2 Bg4 13. Re3 Ne7 14. Qd2 g5 15.
Nxg5 fxg5 16. Bxg5 Nf5 17. Bxf5 Bxf5 18. Bh6 Rd8 19. Rae1 Qf7 20. Rf3 Qg6 21.
Re2 Nd7 22. Bg5 Rdc8 23. h4 Bg4 24. Qe3 Re8 25. Qd2 Bxf3 26. Re3 Rxe3 27. Qxe3
Be4 28. Ne2 Re8 29. c3 Bd3 30. Qd2 Rxe2 31. Qc1 Qe4 32. Kh2 Re1 33. Qd2 Qh1#
0-1

[Event "Interclubs Adultes"]
[Site "NIORT"]
[Date "15.12.07"]
[Round "4.1"]
[White "Le Roux, Jean-Pierre"]
[Black "Bojkov, Dejan"]
[Result "1-0"]
[WhiteElo "2477"]
[BlackElo "2520"]
[PlyCount "159"]
[EventDate "15.12.07"]
[WhiteTeam "Guingamp"]
[BlackTeam "Migné-Auxances"]

1. d4 d5 2. Nf3 Nf6 3. c4 c6 4. Nc3 a6 5. c5 Bf5 6. g3 Nbd7 7. Bg2 Ne4 8. Qb3
Ra7 9. Nh4 e6 10. Nxf5 exf5 11. O-O Be7 12. f3 Nxc3 13. bxc3 O-O 14. Bh3 g6 15.
e4 fxe4 16. fxe4 Nf6 17. exd5 Qxd5 18. Bh6 Qxb3 19. axb3 Re8 20. Rae1 Bf8 21.
Bg5 Rxe1 22. Rxe1 Bg7 23. Re7 h6 24. Bd2 Kf8 25. Rc7 Ne8 26. Rc8 Ke7 27. Rb8 f5
28. g4 g5 29. gxf5 Bf6 30. Bf1 a5 31. Be1 Ng7 32. Bd3 Nh5 33. Bf2 Nf4 34. Bf1
Kd7 35. Bg3 Bd8 36. Bxf4 gxf4 37. f6 Bxf6 38. Bh3+ Ke7 39. Kf2 a4 40. bxa4 Rxa4
41. Rxb7+ Kd8 42. Rd7+ Ke8 43. Rd6 Bg5 44. Rxc6 Rc4 45. Rc8+ Kf7 46. Bg4 Rxc3
47. Rc7+ Ke8 48. Rc8+ Kf7 49. Bh5+ Kg7 50. Rc7+ Kf6 51. Bf3 Bh4+ 52. Kg2 Rc2+
53. Kh3 Bf2 54. Rd7 Rc4 55. Rd6+ Kg7 56. c6 Bxd4 57. c7 Rxc7 58. Rxd4 Rf7 59.
Kg4 Rf6 60. Be4 f3 61. Bxf3 Rg6+ 62. Kf4 Rf6+ 63. Ke3 Kg6 64. Rd5 Kg7 65. Be4
Rf7 66. Bf5 Rf6 67. Kf4 Rf7 68. h4 Rf6 69. Ke5 Rf7 70. Rd6 Re7+ 71. Kf4 Rf7 72.
Rg6+ Kh7 73. Ke5 Rf8 74. Kf4 Rf7 75. Rb6+ Kg7 76. Ke5 Re7+ 77. Be6 Kg6 78. Rb4
Kh5 79. Kf4 Ra7 80. Rb5+ 1-0

[Event "Interclubs Adultes"]
[Site "NIORT"]
[Date "15.12.07"]
[Round "4.2"]
[White "Firman, Nazar"]
[Black "Dumitrache, Dragos-Nicolae"]
[Result "1/2-1/2"]
[WhiteElo "2526"]
[BlackElo "2485"]
[PlyCount "81"]
[EventDate "15.12.07"]
[WhiteTeam "Migné-Auxances"]
[BlackTeam "Guingamp"]

1. d4 d5 2. c4 c6 3. Nc3 Nf6 4. Nf3 e6 5. g3 Nbd7 6. Bg2 dxc4 7. O-O b5 8. Qc2
Bb7 9. Rd1 Be7 10. Bf4 O-O 11. Ng5 Qb6 12. a4 h6 13. Nge4 a6 14. Bd6 Nxe4 15.
Bxe7 Rfe8 16. Nxe4 Rxe7 17. Nd6 Qc7 18. Nxb7 Qxb7 19. b3 Nb6 20. a5 cxb3 21.
Qxc6 Nd5 22. Qxb7 Rxb7 23. Rab1 Rc7 24. Rxb3 Rac8 25. Kf1 Rc1 26. Rb1 Rxb1 27.
Rxb1 Rc4 28. e3 f5 29. Bf3 Kf7 30. g4 fxg4 31. Bxg4 Nc3 32. Rc1 Ne4 33. Rd1 Rc2
34. Be2 Rxe2 35. Kxe2 Nc3+ 36. Kd2 Nxd1 37. Kxd1 g5 38. e4 g4 39. Kc2 Ke7 40.
Kc3 Kd6 41. Kb4 1/2-1/2

[Event "Interclubs Adultes"]
[Site "NIORT"]
[Date "15.12.07"]
[Round "4.3"]
[White "Alanic, Xavier"]
[Black "Inkiov, Ventzislav"]
[Result "1/2-1/2"]
[WhiteElo "2266"]
[BlackElo "2453"]
[PlyCount "104"]
[EventDate "15.12.07"]
[WhiteTeam "Guingamp"]
[BlackTeam "Migné-Auxances"]

1. c4 e6 2. Nc3 d5 3. d4 Nf6 4. Nf3 Bb4 5. Bg5 dxc4 6. e4 c5 7. Bxc4 cxd4 8.
Nxd4 Nbd7 9. Ndb5 O-O 10. a3 Be7 11. Bf4 e5 12. Be3 Bc5 13. Bxc5 Nxc5 14. Qxd8
Rxd8 15. f3 Be6 16. Bxe6 Nxe6 17. Rd1 Nf4 18. O-O a6 19. Nd6 b5 20. Nf5 Kf8 21.
g3 Ne6 22. Rxd8+ Rxd8 23. Rd1 Rxd1+ 24. Nxd1 g6 25. Nfe3 Ke7 26. Kf2 Kd6 27. b4
Nd4 28. Nb2 Nd7 29. Nd3 f5 30. exf5 gxf5 31. f4 e4 32. Nb2 h5 33. h3 Nf6 34.
Nbd1 Nd5 35. Nxd5 Kxd5 36. Ne3+ Ke6 37. Ke1 Nc6 38. Kd2 Ne7 39. Kc2 Nd5 40. Ng2
Kd6 41. Kb3 Ke7 42. Kc2 Kf6 43. Kb3 Ke6 44. Kc2 Kd7 45. Kb3 Kc6 46. Kc2 Kd6 47.
Kb3 Ne7 48. Ne3 Ke6 49. Kc2 Ng6 50. Ng2 Ne7 51. Ne3 Kd6 52. Kb3 Ke6 1/2-1/2

[Event "Interclubs Adultes"]
[Site "NIORT"]
[Date "15.12.07"]
[Round "4.4"]
[White "Bedouin, Xavier"]
[Black "De Sousa, Jose-Claude"]
[Result "1/2-1/2"]
[WhiteElo "2342"]
[BlackElo "2297"]
[PlyCount "86"]
[EventDate "15.12.07"]
[WhiteTeam "Migné-Auxances"]
[BlackTeam "Guingamp"]

1. e4 c5 2. c3 Nf6 3. e5 Nd5 4. Nf3 d6 5. d4 cxd4 6. Qxd4 e6 7. Nbd2 Nc6 8. Bb5
Bd7 9. Bxc6 Bxc6 10. Nc4 dxe5 11. Ncxe5 Qb6 12. Nxc6 bxc6 13. O-O Qxd4 14. Nxd4
c5 15. Nf3 Bd6 16. c4 Nb4 17. Bd2 Rb8 18. Bxb4 Rxb4 19. b3 Ke7 20. Rfd1 Rd8 21.
Kf1 a5 22. Rd3 a4 23. Rad1 f6 24. Nd2 f5 25. Nb1 axb3 26. axb3 Bc7 27. Nc3 Rxd3
28. Rxd3 Rb8 29. Nb5 Rd8 30. Rxd8 Bxd8 31. f4 Kd7 32. Ke2 Bf6 33. h3 Kc6 34.
Na3 Bb2 35. Nc2 Bc1 36. Kf3 Bd2 37. g3 Bc3 38. Ke3 Kd6 39. Kd3 Ba5 40. Ke3 e5
41. Kf3 exf4 42. gxf4 Bd2 43. Ne3 Ke6 1/2-1/2

[Event "Interclubs Adultes"]
[Site "NIORT"]
[Date "15.12.07"]
[Round "4.5"]
[White "Terrieux, Kevin"]
[Black "Picard, Romain"]
[Result "1/2-1/2"]
[WhiteElo "2367"]
[BlackElo "2346"]
[PlyCount "76"]
[EventDate "15.12.07"]
[WhiteTeam "Guingamp"]
[BlackTeam "Migné-Auxances"]

1. d4 Nf6 2. c4 g6 3. Nc3 d5 4. cxd5 Nxd5 5. Bd2 Nb6 6. e4 Qxd4 7. Qc2 c6 8.
Nf3 Qd8 9. Be3 Bg7 10. Rd1 Bd7 11. a4 O-O 12. Be2 Nc8 13. Bf4 Qe8 14. Ne5 Nd6
15. h4 Be6 16. h5 Na6 17. h6 Bh8 18. Bxa6 bxa6 19. Nd3 Qc8 20. Nc5 a5 21. O-O
Nb7 22. Ne2 Nxc5 23. Qxc5 Qb7 24. Nd4 Qb6 25. Nxe6 fxe6 26. Qxe7 Rae8 27. Qa3
Bd4 28. Be5 Bxf2+ 29. Kh1 Qe3 30. Qxe3 Bxe3 31. Rxf8+ Kxf8 32. Rd7 Bxh6 33.
Rxh7 Be3 34. g4 a6 35. Kg2 c5 36. Rd7 Bd4 37. Bxd4 cxd4 38. Rxd4 Ke7 1/2-1/2

[Event "Interclubs Adultes"]
[Site "NIORT"]
[Date "15.12.07"]
[Round "4.6"]
[White "Saada, Julien"]
[Black "Bodenez, Vincent"]
[Result "1/2-1/2"]
[WhiteElo "2257"]
[BlackElo "2182"]
[PlyCount "38"]
[EventDate "15.12.07"]
[WhiteTeam "Migné-Auxances"]
[BlackTeam "Guingamp"]

1. d4 Nf6 2. Bg5 Ne4 3. Bf4 d5 4. e3 c5 5. Bd3 Nf6 6. c3 Nc6 7. h3 Qb6 8. Qc1
g6 9. Nf3 Bg7 10. Nbd2 O-O 11. O-O Nd7 12. Be2 e5 13. dxe5 Ndxe5 14. Rd1 Be6
15. Nxe5 Nxe5 16. Nf3 Nxf3+ 17. Bxf3 Rfd8 18. Rd2 Rd7 19. Qd1 Rad8 1/2-1/2

[Event "Interclubs Adultes"]
[Site "NIORT"]
[Date "15.12.07"]
[Round "4.7"]
[White "Capitaine, Adrien"]
[Black "Picard, Clement"]
[Result "0-1"]
[WhiteElo "2169"]
[BlackElo "2185"]
[PlyCount "88"]
[EventDate "15.12.07"]
[WhiteTeam "Guingamp"]
[BlackTeam "Migné-Auxances"]

1. f4 Nf6 2. Nf3 b6 3. d3 d5 4. e3 Bb7 5. Be2 g6 6. O-O Bg7 7. Qe1 c5 8. Nc3
O-O 9. Qh4 e6 10. Bd2 Nc6 11. Rae1 d4 12. exd4 Nxd4 13. Nxd4 cxd4 14. Nd1 Rc8
15. c4 dxc3 16. bxc3 Qd5 17. Rf2 Qxa2 18. Bf1 Qd5 19. Ne3 Qd8 20. c4 Nd7 21.
Qh3 Nc5 22. Ng4 Nb3 23. Bb4 Nc5 24. Ne5 Re8 25. Bc3 Nd7 26. d4 Nf6 27. Bd3 Rc7
28. Nf3 Ba6 29. Ne5 Bb7 30. Ra1 Qa8 31. g4 Be4 32. Be2 Qc8 33. Bf1 Nd7 34. Re1
Nxe5 35. dxe5 Bb7 36. f5 exf5 37. gxf5 gxf5 38. Rf4 Be4 39. Rh4 h6 40. Bd2 Rc6
41. Bxh6 Rxh6 42. Rxh6 Qc5+ 43. Re3 f4 44. Rh4 fxe3 0-1

[Event "Interclubs Adultes"]
[Site "NIORT"]
[Date "15.12.07"]
[Round "4.8"]
[White "Boulan, Laura"]
[Black "Le Diouron, Aurelie"]
[Result "1-0"]
[WhiteElo "1895"]
[BlackElo "2022"]
[PlyCount "62"]
[EventDate "15.12.07"]
[WhiteTeam "Migné-Auxances"]
[BlackTeam "Guingamp"]

1. e4 c5 2. c3 Nf6 3. e5 Nd5 4. g3 Nc6 5. Bg2 Nb6 6. Nf3 d6 7. exd6 exd6 8. O-O
Be7 9. d4 O-O 10. Re1 Bf6 11. Na3 Bg4 12. Nc2 Rc8 13. d5 Ne5 14. Ne3 Bh5 15. h3
Nbd7 16. Nf5 Nxf3+ 17. Bxf3 Bxf3 18. Qxf3 Ne5 19. Qe2 Qd7 20. Qe4 Rfe8 21. Bd2
c4 22. Rf1 Kh8 23. Kg2 Nd3 24. Qf3 Nxb2 25. Ne3 Nd3 26. Nxc4 Rxc4 27. Qxd3 Rec8
28. Rfc1 Qc7 29. Rc2 b5 30. Re1 b4 31. Qe2 bxc3 1-0

[Event "Interclubs Adultes"]
[Site "CHALONS EN CHAMPAGNE"]
[Date "16.12.07"]
[Round "5.4"]
[White "Sebag, Marie"]
[Black "Godard, Maxence"]
[Result "1/2-1/2"]
[WhiteElo "2509"]
[BlackElo "2329"]
[PlyCount "125"]
[EventDate "16.12.07"]
[WhiteTeam "Chalons en Champagne"]
[BlackTeam "Deauville"]

1. e4 c6 2. d4 d5 3. Nc3 dxe4 4. Nxe4 Nd7 5. Ng5 Ngf6 6. Bd3 e6 7. N1f3 Bd6 8.
Qe2 h6 9. Ne4 Nxe4 10. Qxe4 Nf6 11. Qe2 b6 12. Bd2 Bb7 13. Ne5 Qc7 14. f4 Qe7
15. O-O-O O-O-O 16. Rhf1 c5 17. dxc5 Bxc5 18. Kb1 Bd6 19. g4 Nd7 20. Nxd7 Qxd7
21. Bc3 f6 22. h4 Kb8 23. Bc4 Qc7 24. g5 hxg5 25. hxg5 e5 26. fxe5 Bxe5 27.
Bxe5 Rxd1+ 28. Rxd1 Qxe5 29. Qxe5+ fxe5 30. Kc1 Rh5 31. Rg1 Kc7 32. Kd1 Kd6 33.
Be2 Rh4 34. Kd2 Be4 35. c4 Kc5 36. Rf1 g6 37. Rf7 Bf5 38. Rxa7 Rh2 39. Ke3 Rh3+
40. Kf2 Rh2+ 41. Ke3 Rh3+ 42. Kf2 Kd4 43. Kg2 Ke3 44. Bf1 Kf4 45. Ra4 e4 46. c5
bxc5 47. Rc4 Rg3+ 48. Kf2 Rxg5 49. Bg2 Rh5 50. a4 Rh8 51. Rxc5 Rd8 52. Ke1 Bg4
53. Rc1 Bf3 54. Bf1 g5 55. b4 g4 56. b5 g3 57. b6 g2 58. Bxg2 Bxg2 59. b7 Bf3
60. Rb1 Rb8 61. a5 e3 62. a6 Bxb7 63. axb7 1/2-1/2

[Event "Interclubs Adultes"]
[Site "CHALONS EN CHAMPAGNE"]
[Date "16.12.07"]
[Round "5.6"]
[White "Cossin, Sebastien"]
[Black "Amoyal, Pierre"]
[Result "1-0"]
[WhiteElo "2437"]
[BlackElo "2195"]
[PlyCount "93"]
[EventDate "16.12.07"]
[WhiteTeam "Chalons en Champagne"]
[BlackTeam "Deauville"]

1. d4 Nf6 2. c4 g6 3. Nc3 d5 4. cxd5 Nxd5 5. e4 Nxc3 6. bxc3 Bg7 7. Bc4 O-O 8.
Ne2 c5 9. O-O Nc6 10. Be3 Qc7 11. Rc1 Rd8 12. Bf4 Qd7 13. dxc5 Qe8 14. Bd5 Ne5
15. Qb3 e6 16. Bxb7 Bxb7 17. Qxb7 Nd3 18. Rb1 Nxc5 19. Qb5 Nxe4 20. Qxe8+ Rxe8
21. c4 Rec8 22. Rfc1 Nc5 23. Be3 Rc7 24. Nd4 a6 25. Nb3 Nd3 26. Rc2 Nb4 27. Re2
Rac8 28. Na5 Bf8 29. Reb2 Nc6 30. Nxc6 Rxc6 31. Rb6 Bd6 32. Rxc6 Rxc6 33. c5
Bc7 34. Kf1 e5 35. Ke2 Kf8 36. Kd3 Ke7 37. Kc4 Ke6 38. f3 h5 39. h3 h4 40. Rb7
f6 41. a3 g5 42. a4 Ba5 43. Rb8 Bc7 44. Re8+ Kd7 45. Kd5 Kxe8 46. Kxc6 Kd8 47.
Kb7 1-0

[Event "Interclubs Adultes"]
[Site "CHALONS EN CHAMPAGNE"]
[Date "16.12.07"]
[Round "5.7"]
[White "Reinert, Stephane"]
[Black "Karim, Ismael"]
[Result "0-1"]
[WhiteElo "2120"]
[BlackElo "2366"]
[PlyCount "80"]
[EventDate "16.12.07"]
[WhiteTeam "Deauville"]
[BlackTeam "Chalons en Champagne"]

1. d4 g6 2. e4 Bg7 3. Nc3 d6 4. Be3 a6 5. a4 Nd7 6. Qd2 b6 7. Bd3 Bb7 8. Nge2
c5 9. d5 Qc7 10. Ng3 Ngf6 11. Bh6 Bxh6 12. Qxh6 e6 13. dxe6 fxe6 14. b3 d5 15.
exd5 exd5 16. Bxg6+ hxg6 17. Qxh8+ Kf7 18. Qh6 Qe5+ 19. Qe3 d4 20. Qxe5 Nxe5
21. Nce2 Bxg2 22. f4 Nf3+ 23. Kf2 Bxh1 24. Rxh1 Nd2 25. Nc1 Re8 26. Nd3 Ng4+
27. Kg1 Ne3 28. Ne5+ Kg7 29. h4 Nxc2 30. Rh2 Rxe5 31. Rxd2 Re3 32. Kf2 Nb4 33.
h5 Nd3+ 34. Kg2 Nxf4+ 35. Kh2 Nxh5 36. Nxh5+ gxh5 37. b4 Rb3 38. bxc5 bxc5 39.
Rc2 Rc3 40. Rf2 d3 0-1